000 00594nam a2200193 i 4500
001 142668
003 ES-MaACL
007 t|
008 071009s1954 sp ||||1| spa d
100 1 _aVian, Nello.
_9114277
245 1 0 _aPio X /
_ctexto Nello Vian ; pórtico y versión Andrés E. de Mañaricúa.
260 _aBilbao :
_bDescleé de Brouwer,
_c1954.
300 _a251 p., 146 lám. :
_bil. ;
_c25 cm.
600 0 4 _9239958
_aPío
_bX,
_cPapa, Santo
700 1 _aMañaricua, Andrés E. de.
_9213056
852 _aES-MaACL
_jC-8343
_bR.36651
942 _2udc
999 _c142668
_d142668